Az amerikai jogi oktatás történeti vázlata

In the past three hundred years in the United States the social changes have had great effect on the American legal education. After the revolution it was thought that the aspiring lawyers should be taught not merely the nuances of the common law and proper pleading, but also theories of government...

Teljes leírás

Elmentve itt :
Bibliográfiai részletek
Szerző: Nagy Zsolt
Dokumentumtípus: Cikk
Megjelent: 2003
Sorozat:Acta Universitatis Szegediensis : acta juridica et politica : publicationes doctorandorum juridicorum 2 No. 1-10
Kulcsszavak:Jogi oktatás - USA
Tárgyszavak:
Online Access:http://acta.bibl.u-szeged.hu/7521
LEADER 01790nab a2200241 i 4500
001 acta7521
005 20250320141215.0
008 161015s2003 hu o 000 hun d
022 |a 0324-6523 
040 |a SZTE Egyetemi Kiadványok Repozitórium  |b hun 
041 |a hun 
041 |a eng 
100 1 |a Nagy Zsolt 
245 1 3 |a Az amerikai jogi oktatás történeti vázlata  |h [elektronikus dokumentum] /  |c  Nagy Zsolt 
260 |c 2003 
300 |a 157-176 
490 0 |a Acta Universitatis Szegediensis : acta juridica et politica : publicationes doctorandorum juridicorum  |v 2 No. 1-10 
520 3 |a In the past three hundred years in the United States the social changes have had great effect on the American legal education. After the revolution it was thought that the aspiring lawyers should be taught not merely the nuances of the common law and proper pleading, but also theories of government and comparative history because those who trained in law would offer leadership to the new nation. Although a majority of aspiring lawyers in the nineteenth century rejected this type of legal training, preferring instead law office apprenticeship or the practice-oriented proprietary law schools, the Jeffersonian vision for structure of legal education would survive. In the late ninteenth and early twentieth centuries the different education methods were combined in order to serve the broader public good as well as the private interests. As a consequence, the role of today's American lawyers have been defiend by these processes in the American legal education. 
650 4 |a Társadalomtudományok 
650 4 |a Oktatástudomány 
650 4 |a Jogtudomány 
695 |a Jogi oktatás - USA 
856 4 0 |u http://acta.bibl.u-szeged.hu/7521/1/juridpol_doct_002_157-176.pdf  |z Dokumentum-elérés